00662nam a2200217Ia 450000500170000000800410001702000180005804100120007608200160008810000250010424501030012926000370023230000210026965000190029065000110030965000230032065000230034370000330036670000250039970000200042420260429111951.0260429s9999||||xx |||||||||||||| ||und|| a9781032473062 aEnglish a302.23bPED aPedro-Caranana, Joan 0aPolitical economy of media and communication : bmethodological approaches / cJoan Pedro-Caranana aBoca Raton : bCRC Press,c2024. axix, 379 p.; pbk a Communication a Media a Political economy aSocial interaction a Caballero, Francisco Sierra a Corrigan, Thomas F. a Gomez, Rodrigo